Taxmann's Law and Practice Relating to Special Economic Zones (Record no. 147580)

MARC details
000 -LEADER
fixed length control field 00363nam a2200133Ia 4500
008 - FIXED-LENGTH DATA ELEMENTS--GENERAL INFORMATION
fixed length control field 230917s9999||||xx |||||||||||||| ||und||
040 ## - CATALOGING SOURCE
-- 123005
Original cataloging agency VIVEKANANDA LIBRARY
041 ## - Language
-- English
082 ## - DDC NUMBER
Classification number 333.336 M474T
100 ## - MAIN ENTRY--PERSONAL NAME
Personal name Mehta, Hitender
245 #0 - TITLE STATEMENT
Title Taxmann's Law and Practice Relating to Special Economic Zones
260 ## - PUBLICATION, DISTRIBUTION, ETC. (IMPRINT)
Place of publication, distribution, etc New Delhi
Name of publisher, distributor, etc Taxmann
Date of publication, distribution, etc 2007
942 ## - ADDED ENTRY ELEMENTS (KOHA)
Koha item type Books
Holdings
Withdrawn status Lost status Damaged status Not for loan Location (home branch) Sublocation or collection (holding branch) Date acquired Koha issues (times borrowed) Koha full call number Accession No. Koha date last seen Koha item type
        VIVEKANANDA LIBRARY VIVEKANANDA LIBRARY 29/04/2009   333.336 M474T 262892 17/09/2023 Books
© Designed and Maintained by Vivekananda Library, MDU Rohtak